[Event "Barcelona Sant Marti op-B 23rd"]
[Site "Barcelona"]
[Date "2023.07.20"]
[Round "8"]
[White "Subirana Santos, Marc"]
[Black "Munoz Esteve, Antoni"]
[Result "1-0"]
[WhiteElo "1540"]
[BlackElo "1703"]
[PlyCount "109"]
[EventDate "2023.07.13"]
[EventType "swiss"]
[EventRounds "9"]
[EventCountry "ESP"]
[SourceTitle "CBM 215 Extra"]
[Source "ChessBase"]
[SourceDate "2023.09.30"]
[SourceVersion "1"]
[SourceVersionDate "2023.09.30"]
[SourceQuality "1"]

1. Nf3 Nf6 2. e3 d6 3. c4 e5 4. Nc3 Nc6 5. a3 g6 6. b4 Bg7 7. Bb2 0-0 8. Qc2 Be6 9. Rc1 a6 10. Ng5 Rc8 11. Nxe6 fxe6 12. Be2 Ne7 13. 0-0 c6 14. Rcd1 Qc7 15. Ne4 Nxe4 16. Qxe4 d5 17. Qg4 Nf5 18. h4 Qf7 19. h5 Nh6 20. Qf3 Qe7 21. Qh3 Rce8 22. hxg6 hxg6 23. cxd5 exd5 24. d4 e4 25. Bc3 Nf5 26. Rb1 Kf7 27. g3 Rh8 28. Qg4 Rh6 29. Kg2 Reh8 30. Rh1 Qe6 31. Rxh6 Nxe3+ 32. fxe3 Qxg4 33. Bxg4 Bxh6 34. Bd2 Bg5 35. Rh1 Rb8 36. Rh7+ Kg8 37. Rc7 Kf8 38. Rc8+ Rxc8 39. Bxc8 b6 40. Kf2 a5 41. bxa5 bxa5 42. a4 Bd8 43. Bb7 Ke7 44. Bxc6 Ke6 45. Kg2 Kd6 46. Ba8 Bg5 47. Kh3 Bd8 48. Kg4 Ke6 49. Bb7 Kd6 50. Bc1 Ke6 51. Ba3 Bc7 52. Bf8 Bd8 53. Bh6 Bc7 54. Bg5 Bb6 55. Bc6 1-0

[Event "Barcelona Sant Marti op-B 23rd"]
[Site "Barcelona"]
[Date "2023.07.14"]
[Round "2"]
[White "Munoz Esteve, Antoni"]
[Black "Flores de Paco, David"]
[Result "0-1"]
[WhiteElo "1703"]
[BlackElo "1923"]
[PlyCount "40"]
[EventDate "2023.07.13"]
[EventType "swiss"]
[EventRounds "9"]
[EventCountry "ESP"]
[SourceTitle "CBM 215 Extra"]
[Source "ChessBase"]
[SourceDate "2023.09.30"]
[SourceVersion "1"]
[SourceVersionDate "2023.09.30"]
[SourceQuality "1"]

1. e4 d5 2. exd5 Nf6 3. d4 Nxd5 4. c4 Nb4 5. Qa4+ N8c6 6. d5 b5 7. cxb5 Bf5 8. Na3 Qxd5 9. Be3 Qe4 10. Qb3 Nd4 11. f3 Qh4+ 12. g3 Nxb3 13. gxh4 Nxa1 14. Kd2 0-0-0+ 15. Ke2 Nac2 16. Bxa7 Kb7 17. Bc5 Bd3+ 18. Kf2 Bxf1 19. Kxf1 e6 20. Bxf8 Rhxf8 0-1

[Event "Barcelona Sant Marti op-B 23rd"]
[Site "Barcelona"]
[Date "2023.07.13"]
[Round "1"]
[White "Munoz Esteve, Antoni"]
[Black "Arjona Bereza, Ivan"]
[Result "1-0"]
[WhiteElo "1703"]
[BlackElo "1344"]
[PlyCount "59"]
[EventDate "2023.07.13"]
[EventType "swiss"]
[EventRounds "9"]
[EventCountry "ESP"]
[SourceTitle "CBM 215 Extra"]
[Source "ChessBase"]
[SourceDate "2023.09.30"]
[SourceVersion "1"]
[SourceVersionDate "2023.09.30"]
[SourceQuality "1"]

1. e4 e6 2. d3 d5 3. Nd2 c5 4. Ngf3 Nc6 5. g3 Bd6 6. Bg2 d4 7. 0-0 e5 8. Re1 Nge7 9. h3 Be6 10. a4 Qd7 11. Ng5 h6 12. Nxe6 fxe6 13. Nc4 0-0-0 14. Bd2 Bc7 15. Qg4 g5 16. b3 a5 17. Kh2 Rdf8 18. Rf1 Ng8 19. Qe2 Nf6 20. Qe1 b6 21. Na3 Ne7 22. Rd1 Ng6 23. Nb5 g4 24. h4 Bd8 25. Qe2 h5 26. c3 Rf7 27. cxd4 exd4 28. e5 Ne8 29. Qe4 Ne7 30. Qa8# 1-0

[Event "Sabadell Coral Colon op 13th"]
[Site "Sabadell"]
[Date "2019.04.12"]
[Round "8"]
[White "Martinez Ferrer, Albert"]
[Black "Munoz Esteve, Antoni"]
[Result "1/2-1/2"]
[WhiteElo "1819"]
[BlackElo "1679"]
[PlyCount "106"]
[EventDate "2019.02.22"]
[EventType "swiss"]
[EventRounds "8"]
[EventCountry "ESP"]
[SourceTitle "EXT 2021"]
[Source "ChessBase"]
[SourceDate "2020.10.23"]
[SourceVersion "1"]
[SourceVersionDate "2020.10.23"]
[SourceQuality "1"]

1. d4 d5 2. Nf3 c6 3. Bf4 Bf5 4. e3 Nf6 5. Bd3 Bg6 6. Nbd2 Ne4 7. Ne5 Nxd2 8. Qxd2 Bxd3 9. Qxd3 Nd7 10. Nf3 e6 11. 0-0 Be7 12. Rac1 0-0 13. Nd2 Rc8 14. Bg3 f5 15. f4 c5 16. c3 c4 17. Qe2 Nf6 18. Bh4 g6 19. Nf3 Nd7 20. Bxe7 Qxe7 21. h3 h6 22. g4 Rce8 23. g5 h5 24. b3 b5 25. bxc4 bxc4 26. Qc2 Qa3 27. Rb1 Rb8 28. Rfc1 Kf7 29. Nd2 Rfc8 30. Kf1 Ke7 31. Nf3 Kf7 32. Ke1 Ke7 33. Kd2 Kd8 34. Rxb8 Rxb8 35. Rb1 Rxb1 36. Qxb1 a5 37. Nh4 Nf8 38. Qb8+ Ke7 39. Qb1 Kf7 40. Kc2 Ke7 41. Nf3 Nd7 42. Qb2 Qxb2+ 43. Kxb2 Kd6 44. Ka3 Kc6 45. Ka4 Kb6 46. Nd2 Ka6 47. Ka3 Kb5 48. Kb2 Nb6 49. a3 Na4+ 50. Kc2 Nb6 51. Nf3 Nd7 52. Kb2 Ka4 53. h4 Kb5 1/2-1/2

[Event "Terrassa Barad op"]
[Site "Terrassa"]
[Date "2013.??.??"]
[Round "4"]
[White "Pascual Bonfill, Albert"]
[Black "Munoz Esteve, Antoni"]
[Result "1-0"]
[WhiteElo "1498"]
[BlackElo "1673"]
[PlyCount "99"]
[EventDate "2013.10.18"]
[EventType "swiss"]
[EventRounds "8"]
[EventCountry "ESP"]
[SourceTitle "EXT 2015"]
[Source "ChessBase"]
[SourceDate "2014.11.20"]
[SourceVersion "1"]
[SourceVersionDate "2014.11.20"]
[SourceQuality "1"]

1. d4 d5 2. c4 c6 3. Nf3 Nf6 4. e3 Bg4 5. Nc3 e6 6. h3 Bh5 7. b3 Nbd7 8. Bd3 Be7 9. c5 b5 10. Bd2 Bg6 11. Bxg6 hxg6 12. b4 a5 13. a3 Ne4 14. 0-0 Qc7 15. Ne2 a4 16. Nf4 g5 17. Nd3 f6 18. Nh2 f5 19. f3 Nxd2 20. Qxd2 Bf6 21. f4 0-0-0 22. Ne5 Bxe5 23. fxe5 Rdf8 24. Nf3 Qd8 25. e4 fxe4 26. Nxg5 Qe8 27. Rxf8 Rxf8 28. Rf1 Qg6 29. Rxf8+ Nxf8 30. Qf4 Qf5 31. Nxe6 Qxf4 32. Nxf4 Kd7 33. h4 Ke7 34. Kf2 Nd7 35. Ke3 Nf8 36. g4 Nh7 37. g5 Nf8 38. h5 Nh7 39. Ng6+ Ke6 40. Nf4+ Ke7 41. g6 Ng5 42. Ne2 Ne6 43. Ng3 Nc7 44. Nf5+ Kf8 45. Nd6 Na6 46. Nc8 Nxb4 47. e6 Nc2+ 48. Kd2 Nxd4 49. e7+ Ke8 50. h6 1-0

[Event "Sabadell Colon op 4th"]
[Site "Sabadell"]
[Date "2010.03.26"]
[Round "9.10"]
[White "Munoz Esteve, Antoni"]
[Black "Garcia Miguel, Raul"]
[Result "0-1"]
[WhiteElo "1700"]
[BlackElo "2076"]
[PlyCount "110"]
[EventDate "2010.01.29"]
[EventType "swiss"]
[EventRounds "9"]
[EventCountry "ESP"]
[SourceTitle "EXT 2024"]
[Source "ChessBase"]
[SourceDate "2023.10.10"]
[SourceVersion "1"]
[SourceVersionDate "2023.10.10"]
[SourceQuality "1"]

1. e4 c5 2. Nf3 Nc6 3. d4 cxd4 4. Nxd4 g6 5. c3 Bg7 6. Bc4 Nf6 7. Qe2 e5 8. Nf3 d5 9. exd5 Nxd5 10. Bxd5 Qxd5 11. Nbd2 Bf5 12. Qc4 Qd7 13. Ne4 0-0-0 14. Bg5 Bxe4 15. Qxe4 f6 16. Be3 f5 17. Qc4 f4 18. Bxa7 b5 19. Qxb5 Nxa7 20. Qa6+ Qb7 21. Qxb7+ Kxb7 22. Ng5 Rd7 23. Ne4 Kc6 24. f3 Nb5 25. Ke2 Nd6 26. Nxd6 Rxd6 27. Rhd1 Re6 28. a4 e4 29. a5 exf3+ 30. Kxf3 h6 31. a6 Ra8 32. a7 Kc7 33. Rd3 g5 34. b4 Rc6 35. Ra3 Kb6 36. b5 Kxb5 37. Rd7 Rxc3+ 38. Rxc3 Bxc3 39. Rh7 Bd4 40. Rxh6 Rxa7 41. Rg6 Rg7 42. Rd6 Kc4 43. h3 Kc5 44. Ra6 Kd5 45. Kg4 Bc5 46. Rf6 Ke5 47. Rf5+ Kd4 48. Rxg5 Rxg5+ 49. Kxg5 Bd6 50. h4 Ke3 51. h5 Kf2 52. h6 Kg3 53. Kf5 Bf8 54. h7 Bg7 55. Kg6 Bd4 0-1